000 00738nam a2200253Ia 4500
003 OSt
005 20220928112525.0
006 a|||||r|||| 00| 0
007 ta
008 220927b |||||||| |||| 00| 0 eng d
020 _c8966.5499999999993
024 _a128623
037 _b228, 23/02/2016, Onkar Book Agency
_cTextual
040 _aSDCL
_cSDCL
_beng
041 _2eng
_aeng
082 _aG1132:f3, Q5
100 _aPevsner Jonathan
_9393760
245 0 _aBioinformatics and functional genomics
250 _a3rd
260 _aChichester
_bWiley
_c2015
300 _aix-1124p
_ccm.
942 _hG1132:f3, Q5
_cTEXL
_2CC
999 _c745109
_d745109